000 00888nam a2200217 a 4500
003 0
005 20250313103435.0
008 080723s19uu xx 00 eng d
050 _aPGS BF 637.C53
_b.An594 2008
100 _aAngulo, Katrisse Alexa C.
245 _aConflict resolution strategies of selected middle school and upper school students /
_cKatrisse Alexa C. Angulo
260 _aLas PiƱas City, Philippines :
_bSouthville International School and Colleges,
_c2008.
300 _a41 pages :
_billustrations ;
_c28 cm.
504 _aIncludes bibliographical references.
650 _aConflict management in adolescence.
650 _aConflict resolution
_vStudy and teaching (Secondary education).
650 _aInterpersonal conflict in schools.
650 _aPeer mediation in education.
650 _aGirls
_vConflict resolution skills.
942 _2lcc
_cPASS
999 _c97911
_d97911